The effect of using rubber seed in feed ingredient on growthrate of quail broiler at royal university of agriculture, ឥទ្ធពលនៃការប្រើប្រាស់គ្រាប់កៅស៊ូក្នុងចំណីផ្សំទៅលើការលូតលាស់របស់ក្រូចសាច់ នៅក្នុងស្ថានីយ៍ចិញ្ចឹមសត្វ នៃសាកលវិទ្យាល័យភូមិន្ទកសិកម្ម (Record no. 2079)
[ view plain ]
| 000 -LEADER | |
|---|---|
| fixed length control field | 00862nam a22001577a 4500 |
| 003 - CONTROL NUMBER IDENTIFIER | |
| control field | OSt |
| 005 - DATE AND TIME OF LATEST TRANSACTION | |
| control field | 20151006160343.0 |
| 008 - FIXED-LENGTH DATA ELEMENTS--GENERAL INFORMATION | |
| fixed length control field | 151006b xxu||||| |||| 00| 0 eng d |
| 040 ## - CATALOGING SOURCE | |
| Transcribing agency | RUA |
| 082 ## - DEWEY DECIMAL CLASSIFICATION NUMBER | |
| Classification number | AVM SOK 2006 B076 Or.1 |
| 100 ## - MAIN ENTRY--PERSONAL NAME | |
| 9 (RLIN) | 2206 |
| Personal name | SOK, VASAL. |
| 245 ## - TITLE STATEMENT | |
| Title | The effect of using rubber seed in feed ingredient on growthrate of quail broiler at royal university of agriculture, ឥទ្ធពលនៃការប្រើប្រាស់គ្រាប់កៅស៊ូក្នុងចំណីផ្សំទៅលើការលូតលាស់របស់ក្រូចសាច់ នៅក្នុងស្ថានីយ៍ចិញ្ចឹមសត្វ នៃសាកលវិទ្យាល័យភូមិន្ទកសិកម្ម |
| 260 ## - PUBLICATION, DISTRIBUTION, ETC. (IMPRINT) | |
| Place of publication, distribution, etc. | Phnom Penh |
| Name of publisher, distributor, etc. | RUA |
| Date of publication, distribution, etc. | 2006 |
| 300 ## - PHYSICAL DESCRIPTION | |
| Extent | 37p. |
| Other physical details | ill. |
| Dimensions | 29cm. |
| 942 ## - ADDED ENTRY ELEMENTS (KOHA) | |
| Source of classification or shelving scheme | |
| Koha item type | AVM |
| Price effective from | Date last seen | Permanent Location | Not for loan | Date acquired | Source of classification or shelving scheme | Koha item type | Lost status | Withdrawn status | Date last checked out | Total Checkouts | Shelving location | Damaged status | Barcode | Current Location | Full call number |
|---|---|---|---|---|---|---|---|---|---|---|---|---|---|---|---|
| 2015-10-06 | 2015-10-06 | Library Block B | 2015-10-06 | AVM | B076 | RUA007818 | Library Block B | AVM SOK 2006 B076 Or.1 | |||||||
| 2015-10-06 | 2016-03-26 | Library Block B | 2015-10-06 | AVM | 2016-03-22 | 1 | B076 | RUA007873 | Library Block B | AVM SOK 2006 B076 Or.2 | |||||
| 2015-10-06 | 2017-12-18 | Library Block B | 2015-10-06 | AVM | 2017-12-11 | 2 | B076 | RUA008908 | Library Block B | AVM SOK 2006 B076 Or.3 | |||||
| 2015-10-06 | 2015-10-06 | Library Block B | 2015-10-06 | AVM | B076 | RUA008560 | Library Block B | AVM SOK 2006 B076 Or.4 | |||||||
| 2015-10-06 | 2016-10-17 | Library Block B | 2015-10-06 | AVM | 2016-10-17 | 1 | B076 | RUA008535 | Library Block B | AVM SOK 2006 B076 Or.5 | |||||
| 2015-10-06 | 2015-10-06 | Library Block B | 2015-10-06 | AVM | B076 | RUA008905 | Library Block B | AVM SOK 2006 B076 Or.6 |